| 000 | 004810000a22001810004500 | ||
|---|---|---|---|
| 020 | _a0-932081-13-4 | ||
| 041 | 0 | _aENG | |
| 082 | 0 | 4 | _aG 253.5 S2171t |
| 100 | 1 | _aSandford, John L. (Loren) | |
| 245 | 1 | 0 | _aThe transformation of the inner man / John and Paula Sandford |
| 260 | _aTulsa, OK., USA : Victory | ||
| 300 | _a412 Pag | ||
| 001 | 6474 | ||
| 942 | _cBK | ||
| 999 |
_c36744 _d36744 |
||
| 336 |
_atexto _btxt _2rdacontent |
||
| 337 |
_2rdamedia _asin mediación _bn |
||
| 338 |
_2rdacarrier _avolumen _bnc |
||